| 000 | 00713cam a22002413a 4500 | ||
|---|---|---|---|
| 001 | 10661 | ||
| 003 | PGUSA | ||
| 005 | 20140828083227.0 | ||
| 008 | 040101s2004||||xxu|||||s|||||000 | eng d | ||
| 040 |
_aPGUSA _beng |
||
| 042 | _adc | ||
| 050 | 4 | _aB | |
| 100 | 1 |
_aEpictetus, _d55-135 |
|
| 245 | 1 | 2 |
_aA Selection from the Discourses of Epictetus with the Encheiridion _h[electronic resource] / _cEpictetus |
| 260 |
_bProject Gutenberg, _c2004 |
||
| 506 | _aPublic domain in the USA. | ||
| 516 | _aElectronic text | ||
| 653 | _aPhilosophy -- Early works to 1800 | ||
| 700 | 1 |
_aLong, George, _d1800-1879 |
|
| 830 | 0 |
_aProject Gutenberg _v10661 |
|
| 856 | 4 | 0 | _uhttp://www.gutenberg.org/ebooks/10661 |
| 942 | _cEB | ||
| 999 |
_c239916 _d239916 |
||